| 000 | 00685nam a2200253Ia 4500 | ||
|---|---|---|---|
| 005 | 20260123164109.0 | ||
| 008 | 008 260114s9999 xx 000 0 eng d | ||
| 020 | _a9788194884811 | ||
| 037 | _aEBOOK | ||
| 040 | _aCRL | ||
| 040 | _beng | ||
| 040 | _cCRL | ||
| 041 | _2eng | ||
| 041 | _aeng | ||
| 084 | _qCRL | ||
| 100 |
_aRAJASEKARAN, S., PAI, G. A. VIJAYALAKSHMI _91105871 |
||
| 245 | 0 | _aNeural Networks, Fuzzy Systems And Evolutionary Algorithms : Synthesis and Applications - 2nd Ed. | |
| 260 | _bPHI | ||
| 260 | _c2016 | ||
| 856 | _uhttps://elibrary.phindia.com/ebooks/reader/9788194884811du | ||
| 942 | _cEBOOK | ||
| 999 |
_c1670994 _d1670994 |
||